01017nam a2200277Ia 450000500170000000800390001702000190005610000260007524500970010125000200019830000510021850000320026952100500030165000450035165000460039665000420044265000370048470000210052170000330054226400300057533600270060533700330063233800280066504000350069308400110072820220317001058.0160825s2007 sp a g 000 0 spa a978842612850121 aCannon, Janelld1957-10aStelalunacescrito e ilustrado por Janell Cannon ; traducido por Núria Gonzàlez i Anadon a16a. edición  a46 páginas bilustraciones en color c26 cm  aIncluye datos biográficos aRecomendado para niños a partir de 6 años142LEMBaCuentos infantiles estadounidenses142LEMB aLiteratura infantil estadounidense142LEMB aMurciélagos en la literatura142LEMB aAnimales en la literatura1 aCannon, Jannell 1 aGonzàlez i Anadon, Núria aBarcelonabJuventudc2007 atextobtxt2rdacontent asin mediaciónbn2rdamedia avolumenbnc2rdacarrier aCO-BoRNBPbspaerdacCO-BoRNBP aC CAN4